000 00747nam a2200253Ia 4500
003 OSt
005 20220926024826.0
006 a|||||r|||| 00| 0
007 ta
008 220923b |||||||| |||| 00| 0 eng d
037 _cGeneral Book
040 _aRTL
_cRTL
_beng
041 _2eng
_aeng
082 _aX:3M24xM18:g(Y7), M3
100 _aBloch Maurice
_972522
245 0 _aMarxism and anthropology
_b The history of relations
260 _aOxford
_bClarendon Press
_c1983
300 _a180p
_ccm.
490 _aMarxist Introduction
500 _aBibliography p 173-76
650 _aEconomics Classics Karl Marx
942 _hX:3M24xM18:g(Y7), M3
_cGB
_2CC
999 _c645586
_d645586